000 00619nam a2200229Ia 4500
003 OSt
005 20220928111221.0
006 a|||||r|||| 00| 0
007 ta
008 220927b |||||||| |||| 00| 0 eng d
024 _a111863
037 _cAnnuals, Advances
040 _aSDCL
_cSDCL
_beng
041 _2eng
_aeng
082 _aP15,Cx1,1,:g, L2
100 _aTripathi Ramprasada
_9422775
245 0 _aPaniniyavyakarane pramanasaiksa
260 _aVaranasi
_c1972
300 _a694p.
_ccm.
942 _hP15,Cx1,1,:g, L2
_cREF
_2CC
999 _c739187
_d739187